[Event "Rated Blitz game"]
[Site "?"]
[Date "2021.11.17"]
[Round "?"]
[White "Uchiki"]
[Black "Futuregm03pro"]
[Result "0-1"]
[WhiteElo "2644"]
[BlackElo "2711"]
[PlyCount "122"]
[EventDate "2021.??.??"]
[EventType "blitz"]

1. e4 e5 2. Nf3 d5 3. Nxe5 Bd6 4. d4 dxe4 5. Bf4 Nd7 6. Nc3 Ngf6 7. Bc4 O-O 8.
O-O Nb6 9. Bb3 Bf5 10. Re1 h6 11. Qd2 Kh7 12. Rad1 Qe7 13. Nc4 Bxf4 14. Qxf4
Bg6 15. Ne5 Rae8 16. h3 Nbd7 17. Nxg6 fxg6 18. Qxc7 Nb6 19. Qxe7 Rxe7 20. d5
Rd8 21. d6 Red7 22. Nxe4 Nxe4 23. Rxe4 Rxd6 24. Rxd6 Rxd6 25. Re7 Rd7 26. Rxd7
Nxd7 27. f4 g5 28. f5 g6 29. fxg6+ Kxg6 30. Kf2 Kf5 31. Ke3 Ke5 32. c3 Nc5 33.
Bc2 Ne6 34. g3 Nc7 35. c4 Ne6 36. b4 b6 37. a3 Nd4 38. Be4 Ne6 39. Bd5 Nd4 40.
Be4 Ne6 41. Bd5 Ng7 42. Bf3 Ne6 43. Bg4 Nd4 44. Bd1 Nf5+ 45. Kf2 Kd4 46. Kf3
Ne3 47. Be2 Nc2 48. Kg4 Nxa3 49. Kh5 Nxc4 50. Kxh6 g4 51. hxg4 Nd6 52. g5 Ke5
53. g6 Kf6 54. g7 Nf5+ 55. Kh7 Nxg7 56. g4 Ne6 57. Bd3 Kg5 58. Kg8 Nf4 59. Kf7
Nxd3 60. Ke6 Nxb4 61. Kd6 a5 {Normal} 0-1

[Event "Rated Blitz game"]
[Site "?"]
[Date "2021.11.17"]
[Round "?"]
[White "Dabar1"]
[Black "Roberto_Baggio1978"]
[Result "1-0"]
[WhiteElo "2551"]
[BlackElo "2622"]
[PlyCount "45"]
[EventDate "2021.??.??"]
[EventType "blitz"]

1. e4 e5 2. Nf3 d5 3. exd5 e4 4. Qe2 Nf6 5. d3 Qxd5 6. Nc3 Bb4 7. Bd2 Bxc3 8.
Bxc3 O-O 9. dxe4 Nxe4 10. Rd1 Nxc3 11. Rxd5 Nxe2 12. Bxe2 Be6 13. Rb5 b6 14.
Nd4 Bd7 15. Re5 c5 16. Bf3 Na6 17. Bxa8 cxd4 18. Bf3 Nb4 19. Kd2 Rc8 20. c3
dxc3+ 21. bxc3 Nxa2 22. Re3 a5 23. Ra1 {Normal} 1-0

[Event "Rated Blitz game"]
[Site "?"]
[Date "2021.11.17"]
[Round "?"]
[White "CampoCaligne"]
[Black "Futuregm03pro"]
[Result "1-0"]
[WhiteElo "2650"]
[BlackElo "2694"]
[PlyCount "133"]
[EventDate "2021.??.??"]
[EventType "blitz"]

1. e4 e5 2. Nf3 d5 3. d4 exd4 4. Qxd4 Nf6 5. exd5 Qxd5 6. Nc3 Qe6+ 7. Be3 Nc6
8. Bb5 Bd7 9. Qc4 Qxc4 10. Bxc4 Bb4 11. Bd2 O-O 12. O-O-O Be6 13. Bxe6 fxe6 14.
Ng5 Rae8 15. f3 Nd4 16. Rhe1 e5 17. a3 Bd6 18. Nce4 Nf5 19. Nxd6 cxd6 20. Bb4
h6 21. Ne4 Nxe4 22. fxe4 Nd4 23. c3 Nc6 24. Rxd6 Rf2 25. Rd2 Rxd2 26. Kxd2 a5
27. Bc5 b6 28. Be3 a4 29. Ke2 Na5 30. Bxb6 Nc4 31. Bc5 Nxb2 32. Rb1 Rb8 33. Bd6
Rb3 34. Bb4 Kf7 35. Rf1+ Ke6 36. Rf8 Nc4 37. Ra8 Nxa3 38. Rxa4 Nc2 39. Ra6+ Kf7
40. Bd6 Rb2 41. Kf3 Ne1+ 42. Ke3 Nxg2+ 43. Kd3 Ne1+ 44. Kc4 Re2 45. Kd5 Nf3 46.
Bxe5 Rd2+ 47. Bd4 Re2 48. Ra7+ Kg6 49. Rxg7+ Kh5 50. Rg3 Nxh2 51. e5 Ng4 52. e6
Kh4 53. Rf3 Rd2 54. c4 Re2 55. c5 Nh2 56. Rf4+ Ng4 57. c6 Kg5 58. Rf7 Nh2 59.
e7 Kh5 60. c7 Ng4 61. c8=Q Nf6+ 62. Rxf6 Rg2 63. Qh3+ Kg5 64. Qxg2+ Kh5 65.
Rf5+ Kh4 66. Rf4+ Kh5 67. Qg4# {Normal} 1-0

[Event "Rated Blitz game"]
[Site "?"]
[Date "2021.11.17"]
[Round "?"]
[White "michaeljoshua"]
[Black "SchoolChessTeacher"]
[Result "0-1"]
[WhiteElo "2527"]
[BlackElo "2533"]
[PlyCount "88"]
[EventDate "2021.??.??"]
[EventType "blitz"]

1. e4 e5 2. Nf3 d5 3. exd5 e4 4. Nd4 Qxd5 5. Nb3 Nf6 6. Nc3 Qe5 7. Be2 Nc6 8.
d4 exd3 9. Qxd3 Bf5 10. Qb5 Bxc2 11. Qxe5+ Nxe5 12. Nd4 Bd3 13. Bf4 Bxe2 14.
Bxe5 Ba6 15. Bxc7 Bc5 16. Ndb5 O-O 17. O-O Rac8 18. Be5 Rfe8 19. Bxf6 gxf6 20.
Rfe1 Bb4 21. a3 Bc5 22. Rad1 Kf8 23. Rxe8+ Rxe8 24. b4 Bb6 25. a4 Bxb5 26. axb5
Rc8 27. Rd3 Bd4 28. Rxd4 Rxc3 29. g3 Ke7 30. Kg2 Rb3 31. h4 f5 32. f3 Ke6 33.
Kh3 Rxf3 34. Rc4 f4 35. Kg4 Rxg3+ 36. Kxf4 Rh3 37. Kg5 f5 38. Rc7 Rg3+ 39. Kh6
f4 40. Rxb7 f3 41. Rb8 f2 42. Rf8 Rg6+ 43. Kxh7 Rf6 44. Re8+ Kd7 {Normal} 0-1

[Event "Rated Blitz tournament BC0PtF4K"]
[Site "?"]
[Date "2021.11.17"]
[Round "?"]
[White "CrazyTogether"]
[Black "arrashii"]
[Result "0-1"]
[WhiteElo "2824"]
[BlackElo "2346"]
[PlyCount "44"]
[EventDate "2021.??.??"]
[EventType "blitz"]

1. e4 e5 2. Nf3 d5 3. exd5 e4 4. Nd4 Qxd5 5. Nb3 Qe5 6. Nc3 Nc6 7. Be2 Nf6 8.
d4 exd3 9. Qxd3 Bf5 10. Qb5 O-O-O 11. Qxe5 Nxe5 12. Bf4 Ng6 13. Bg5 Bxc2 14.
Rc1 Bxb3 15. axb3 Kb8 16. O-O Be7 17. Nb5 Bd6 18. Nxd6 Rxd6 19. Bf4 Nxf4 20.
Bf3 Re8 21. g3 Ne2+ 22. Bxe2 Rxe2 {Normal} 0-1

[Event "Rated Blitz game"]
[Site "?"]
[Date "2021.11.17"]
[Round "?"]
[White "TheBenkoKid"]
[Black "Anecdot"]
[Result "1-0"]
[WhiteElo "2403"]
[BlackElo "2325"]
[PlyCount "83"]
[EventDate "2021.??.??"]
[EventType "blitz"]

1. e4 e5 2. Nf3 d5 3. exd5 e4 4. Qe2 f5 5. d3 Nf6 6. dxe4 fxe4 7. Nbd2 Bb4 8.
c3 Ba5 9. Nxe4 O-O 10. Nxf6+ Qxf6 11. Be3 Bg4 12. O-O-O Bxc3 13. bxc3 Qxc3+ 14.
Qc2 Qa1+ 15. Kd2 Qf6 16. Bc4 Kh8 17. h3 Bh5 18. Qc3 Qd8 19. Bd4 Rf7 20. d6 Rd7
21. Be6 Nc6 22. Bxd7 Nxd4 23. Qxd4 Qxd7 24. Rhe1 cxd6 25. g4 Bg6 26. Ke2 Rf8
27. Nd2 Qb5+ 28. Qc4 Qe5+ 29. Kf1 Qh2 30. f3 a6 31. Qe2 Qxh3+ 32. Qg2 Bd3+ 33.
Kf2 Qh4+ 34. Qg3 Qd8 35. Ne4 Qb6+ 36. Kg2 Bc2 37. Rxd6 Qb2 38. Re2 Qb5 39. Rxc2
h5 40. Qh4 g6 41. Qg5 Qe5 42. Qxe5+ {Normal} 1-0

[Event "Rated Blitz game"]
[Site "?"]
[Date "2021.11.17"]
[Round "?"]
[White "dmitry_zhuravlev"]
[Black "batasjon"]
[Result "1-0"]
[WhiteElo "2387"]
[BlackElo "2456"]
[PlyCount "54"]
[EventDate "2021.??.??"]
[EventType "blitz"]

1. e4 e5 2. Nf3 d5 3. Bc4 dxc4 4. Nc3 Nc6 5. b3 cxb3 6. axb3 Bg4 7. O-O Nd4 8.
d3 Bb4 9. Nd5 Bd6 10. Be3 Nxf3+ 11. gxf3 Bh3 12. Re1 Ne7 13. Kh1 Nxd5 14. exd5
Qh4 15. Rg1 g6 16. Bg5 Qh5 17. Qe2 O-O 18. Rg3 e4 19. f4 f6 20. Qxh5 gxh5 21.
Bh6+ Bg4 22. h3 Kf7 23. hxg4 Rfe8 24. gxh5 Bf8 25. Bxf8 Rxf8 26. dxe4 Rae8 27.
f3 c6 {Normal} 1-0

[Event "Rated Blitz game"]
[Site "?"]
[Date "2021.11.17"]
[Round "?"]
[White "Pliukha_Mikhail"]
[Black "King_bg03"]
[Result "1/2-1/2"]
[WhiteElo "2675"]
[BlackElo "2795"]
[PlyCount "33"]
[EventDate "2021.??.??"]
[EventType "blitz"]

1. e4 e5 2. Nf3 d5 3. exd5 e4 4. Qe2 Qe7 5. Nd4 Nf6 6. Nc3 Nbd7 7. d3 exd3 8.
Qxe7+ Bxe7 9. Bxd3 Nb6 10. Bb5+ Bd7 11. Bxd7+ Kxd7 12. Bg5 Nfxd5 13. Bxe7 Nxc3
14. Bc5 Rhe8+ 15. Kf1 Ne4 16. Bxb6 axb6 17. f3 {Normal} 1/2-1/2

[Event "Rated Blitz game"]
[Site "?"]
[Date "2021.11.17"]
[Round "?"]
[White "Jero_el_siniestro"]
[Black "rofaidah"]
[Result "0-1"]
[WhiteElo "2570"]
[BlackElo "2506"]
[PlyCount "52"]
[EventDate "2021.??.??"]
[EventType "blitz"]

1. e4 e5 2. Nf3 d5 3. Nxe5 Qe7 4. d4 f6 5. Nd3 dxe4 6. Nf4 Bf5 7. Nc3 Nc6 8.
Be3 O-O-O 9. Bb5 g5 10. Nfd5 Qf7 11. Bc4 Be6 12. Qe2 Bxd5 13. Bxd5 Rxd5 14.
Nxd5 Qxd5 15. O-O f5 16. c4 Qd8 17. d5 Ne5 18. Bxa7 g4 19. c5 Nf3+ 20. gxf3
gxf3 21. Qe3 Bh6 22. Kh1 Bxe3 23. fxe3 Qxd5 24. c6 Qxc6 25. Bd4 Nf6 26. Rac1
Qe6 {Normal} 0-1

[Event "Rated Blitz game"]
[Site "?"]
[Date "2021.11.17"]
[Round "?"]
[White "Yiyi1984"]
[Black "Futuregm03pro"]
[Result "1/2-1/2"]
[WhiteElo "2740"]
[BlackElo "2697"]
[PlyCount "46"]
[EventDate "2021.??.??"]
[EventType "blitz"]

1. e4 e5 2. Nf3 d5 3. exd5 e4 4. Qe2 Qe7 5. Nd4 Nf6 6. Nc3 Nbd7 7. d3 exd3 8.
Qxe7+ Bxe7 9. Bxd3 Nb6 10. Ndb5 Nfxd5 11. Nxd5 Nxd5 12. Be4 a6 13. Bxd5 axb5
14. Bf4 c6 15. Bb3 Be6 16. O-O Bxb3 17. axb3 O-O 18. Rfd1 Rad8 19. Rxd8 Rxd8
20. Kf1 f6 21. Ke2 Kf7 22. Ra7 Rd7 23. Be3 f5 {Normal} 1/2-1/2

[Event "Rated Blitz game"]
[Site "?"]
[Date "2021.11.17"]
[Round "?"]
[White "Scualchess"]
[Black "mirekkk14"]
[Result "0-1"]
[WhiteElo "2448"]
[BlackElo "2350"]
[PlyCount "56"]
[EventDate "2021.??.??"]
[EventType "blitz"]

1. e4 e5 2. Nf3 d5 3. Nxe5 Bd6 4. d4 dxe4 5. Nc4 Nf6 6. Be2 O-O 7. Be3 Nc6 8.
Nbd2 Re8 9. Nxd6 Qxd6 10. c3 a6 11. O-O Bf5 12. b4 Rad8 13. a4 h6 14. b5 axb5
15. axb5 Ne7 16. c4 c5 17. dxc5 Qe5 18. Qb3 Ng6 19. Rfd1 Bg4 20. Re1 Bxe2 21.
Rxe2 Rd3 22. Qb4 Qxa1+ 23. Nf1 Rd1 24. h3 Rxf1+ 25. Kh2 Rh1+ 26. Kg3 Qe5+ 27.
f4 Nh5+ 28. Kf2 Nhxf4 {Normal} 0-1

[Event "Rated Blitz game"]
[Site "?"]
[Date "2021.11.17"]
[Round "?"]
[White "BrightestNight"]
[Black "blastol"]
[Result "1-0"]
[WhiteElo "2497"]
[BlackElo "2520"]
[PlyCount "149"]
[EventDate "2021.??.??"]
[EventType "blitz"]

1. e4 e5 2. Nf3 d5 3. exd5 Bd6 4. d4 e4 5. Ne5 Nf6 6. Nc3 O-O 7. Be2 Re8 8. Bf4
Nbd7 9. O-O Nxe5 10. dxe5 Bxe5 11. Bxe5 Rxe5 12. Qd4 Qe7 13. Rad1 Rg5 14. f4
Rg6 15. g3 h5 16. Kg2 Bf5 17. d6 Qd7 18. dxc7 Bh3+ 19. Kg1 Qxc7 20. Rf2 Re8 21.
Bb5 Re7 22. Qd8+ Kh7 23. Qxc7 Rxc7 24. Re1 h4 25. Nxe4 Nxe4 26. Rxe4 Bf5 27.
Re3 Rxc2 28. Rxc2 Bxc2 29. Rc3 Be4 30. Kf2 hxg3+ 31. hxg3 Rd6 32. Ke3 f5 33.
Be2 Re6 34. Kf2 Kg6 35. Rc7 Rb6 36. b3 Rd6 37. Ke3 Bc6 38. Bd3 Kf6 39. Rc8 Re6+
40. Kd2 Rd6 41. Rf8+ Ke7 42. Rxf5 a6 43. Ke3 Rg6 44. Re5+ Re6 45. Kd4 Kd6 46.
Rxe6+ Kxe6 47. g4 Kf6 48. g5+ Ke6 49. f5+ Ke7 50. Ke5 Bd7 51. Bc4 b5 52. Bd5
Bc8 53. f6+ gxf6+ 54. gxf6+ Kf8 55. Kd6 Bf5 56. a3 a5 57. Kc5 Bd3 58. Kb6 a4
59. b4 Be2 60. Bc6 Kf7 61. Bxb5 Bd1 62. Ka5 Kxf6 63. Bxa4 Be2 64. Bc6 Ke6 65.
Kb6 Kd6 66. a4 Bd1 67. a5 Be2 68. b5 Bg4 69. a6 Bd7 70. a7 Bxc6 71. bxc6 Ke7
72. a8=Q Kf7 73. c7 Ke7 74. c8=Q Kf7 75. Qf3+ {Time forfeit} 1-0

[Event "Rated Blitz game"]
[Site "?"]
[Date "2021.11.17"]
[Round "?"]
[White "sibuna1"]
[Black "Roberto_Baggio1978"]
[Result "0-1"]
[WhiteElo "2476"]
[BlackElo "2608"]
[PlyCount "146"]
[EventDate "2021.??.??"]
[EventType "blitz"]

1. e4 e5 2. Nf3 d5 3. c3 dxe4 4. Qa4+ Nc6 5. Nxe5 Qd5 6. Bb5 Nge7 7. Nxc6 Nxc6
8. O-O Bc5 9. d4 exd3 10. Re1+ Be6 11. Nd2 Kd8 12. Ne4 Bb6 13. Bxd3 Re8 14.
Bg5+ Kc8 15. Rad1 Qa5 16. Qxa5 Nxa5 17. b3 Nc6 18. Bf4 a5 19. Ng5 h6 20. Nxe6
fxe6 21. Bg6 Re7 22. a4 Kb8 23. Re2 Ka7 24. Rde1 Rd8 25. h3 e5 26. Bg3 Rd6 27.
Be4 Rf6 28. Kh2 g5 29. f3 Nd8 30. Bd5 c6 31. Bc4 Nf7 32. Bxe5 Nxe5 33. Rxe5 Bc7
34. f4 Bxe5 35. fxe5 Rf2 36. e6 Kb6 37. Kg3 Rc2 38. Re3 Kc5 39. Re5+ Kd6 40.
Rxa5 Rxc3+ 41. Kg4 Rxc4+ 42. bxc4 Rxe6 43. Kh5 Re4 44. c5+ Kd5 45. Kxh6 g4 46.
h4 g3 47. Kg5 Re2 48. Kf4 Rxg2 49. Ra7 Rg1 50. Rxb7 g2 51. Kg3 Rh1 52. Kxg2
Rxh4 53. a5 Ra4 54. Ra7 Kxc5 55. Kf3 Kb5 56. Ke3 Rxa5 57. Rb7+ Kc4 58. Kd2 Ra2+
59. Kc1 c5 60. Kb1 Ra3 61. Rh7 Kb4 62. Rb7+ Kc3 63. Rh7 Kb4 64. Rh4+ c4 65. Rh8
Rg3 66. Rb8+ Kc3 67. Ra8 Rg1+ 68. Ka2 Kc2 69. Rh8 c3 70. Rh2+ Kd1 71. Kb3 Rg3
72. Rh1+ Kd2 73. Rh2+ Kd3 {Time forfeit} 0-1

[Event "Rated Blitz game"]
[Site "?"]
[Date "2021.11.17"]
[Round "?"]
[White "Springer777"]
[Black "alaeldin112"]
[Result "0-1"]
[WhiteElo "2427"]
[BlackElo "2397"]
[PlyCount "162"]
[EventDate "2021.??.??"]
[EventType "blitz"]

1. e4 e5 2. Nf3 d5 3. Nc3 dxe4 4. Nxe5 Bc5 5. Bc4 Bxf2+ 6. Kxf2 Qd4+ 7. Ke1
Qxe5 8. Rf1 Nf6 9. Qe2 Bg4 10. Qe3 Nc6 11. h3 Nd4 12. Bb3 Be6 13. Kd1 O-O-O 14.
d3 Nxb3 15. axb3 Bxb3 16. Qxa7 Rxd3+ 17. Ke1 Qg3+ 18. Rf2 e3 19. Bxe3 Rxe3+ 20.
Kf1 Bc4+ 21. Kg1 Rhe8 22. Qa8+ Kd7 23. Rd1+ Bd3 24. Qa4+ c6 25. Qd4+ Kc8 26.
cxd3 Re1+ 27. Rxe1 Rxe1+ 28. Rf1 Qe3+ 29. Qxe3 Rxe3 30. Rd1 b5 31. Kf2 Re6 32.
d4 b4 33. d5 Rd6 34. Ne2 Ne4+ 35. Ke3 cxd5 36. Ra1 Kd7 37. Nd4 Rg6 38. Ra7+ Ke8
39. g4 Ng5 40. Ra8+ Kd7 41. Ra7+ Kc8 42. h4 Ne6 43. g5 Nc7 44. Nf5 Re6+ 45. Kd3
g6 46. Nd4 Re4 47. Ra4 Rxh4 48. Rxb4 Ne6 49. Ra4 Rh3+ 50. Kc2 Rh2+ 51. Kc3 Nxg5
52. Ra7 Ne4+ 53. Kb3 f5 54. Ne6 Rh3+ 55. Kb4 Nd6 56. Kc5 Nb7+ 57. Kxd5 Rd3+ 58.
Nd4 f4 59. Ke4 Nc5+ 60. Kd5 Nd7 61. Ke4 Rd2 62. b4 g5 63. Nf5 Re2+ 64. Kf3 Rb2
65. Ne7+ Kd8 66. Nc6+ Ke8 67. Kg4 h6 68. Kf5 Re2 69. Ra8+ Kf7 70. Ra7 Rd2 71.
Rxd7+ Rxd7 72. Ne5+ Ke7 73. Nxd7 Kxd7 74. Ke4 Kc6 75. Kf3 Kb5 76. Kg4 Kxb4 77.
Kh5 f3 78. Kxh6 g4 79. Kg5 g3 80. Kg4 f2 81. Kxg3 f1=Q {Normal} 0-1

[Event "Rated Blitz game"]
[Site "?"]
[Date "2021.11.17"]
[Round "?"]
[White "demanding_bear"]
[Black "blastol"]
[Result "1-0"]
[WhiteElo "2594"]
[BlackElo "2524"]
[PlyCount "119"]
[EventDate "2021.??.??"]
[EventType "blitz"]

1. e4 e5 2. Nf3 d5 3. exd5 Bd6 4. d3 f5 5. c4 Nf6 6. Nc3 O-O 7. Be2 Qe8 8. O-O
Qg6 9. Nh4 Qf7 10. g3 f4 11. gxf4 exf4 12. Kh1 c6 13. Bf3 Kh8 14. Rg1 Rg8 15.
Ne4 Nxe4 16. dxe4 g5 17. Nf5 Bxf5 18. Qd4+ Qg7 19. Qxg7+ Rxg7 20. exf5 cxd5 21.
Bxd5 Nc6 22. Bd2 Be5 23. Rae1 Bd4 24. Kg2 Rf8 25. Be6 Bxb2 26. Kf3 Nd4+ 27. Kg4
h5+ 28. Kxh5 Nf3 29. Bb4 Rf6 30. Kg4 Nxh2+ 31. Kh3 Nf3 32. Kg2 Nxe1+ 33. Rxe1
Rh6 34. Rd1 g4 35. Bd6 f3+ 36. Kg3 Rh3+ 37. Kf4 Rh4 38. Ke3 Bf6 39. Bg3 Rh5 40.
a4 Bh4 41. Be5 g3 42. fxg3 Bxg3 43. Bxg7+ Kxg7 44. Rg1 Rh3 45. Kxf3 Kf6 46.
Rxg3 Rh1 47. Rg6+ Ke7 48. Rg7+ Kf6 49. Rxb7 Rh3+ 50. Ke4 Ra3 51. Kd5 Rxa4 52.
Rf7+ Kg5 53. f6 Kg6 54. c5 Ra1 55. Rg7+ Kh6 56. Rb7 a5 57. f7 Kg7 58. Rb8 Rd1+
59. Kc6 Rf1 60. Rg8+ {Time forfeit} 1-0

[Event "Rated Blitz game"]
[Site "?"]
[Date "2021.11.17"]
[Round "?"]
[White "dmitry_zhuravlev"]
[Black "batasjon"]
[Result "1-0"]
[WhiteElo "2387"]
[BlackElo "2443"]
[PlyCount "33"]
[EventDate "2021.??.??"]
[EventType "blitz"]

1. e4 e5 2. Nf3 d5 3. d4 dxe4 4. Nxe5 Bd6 5. Nc4 Nf6 6. Nxd6+ Qxd6 7. c4 O-O 8.
Nc3 Bg4 9. Be2 Bxe2 10. Qxe2 Qxd4 11. Be3 Qe5 12. O-O Nc6 13. g3 Rad8 14. Bf4
Qe7 15. Rad1 Nd4 16. Qe3 c6 17. Rxd4 {Normal} 1-0

[Event "Rated Blitz game"]
[Site "?"]
[Date "2021.11.17"]
[Round "?"]
[White "kachinga"]
[Black "mirekkk14"]
[Result "1/2-1/2"]
[WhiteElo "2409"]
[BlackElo "2349"]
[PlyCount "99"]
[EventDate "2021.??.??"]
[EventType "blitz"]

1. e4 e5 2. Nf3 d5 3. exd5 e4 4. Ne5 Qxd5 5. d4 exd3 6. Nxd3 Nf6 7. Nc3 Qf5 8.
Qe2+ Be6 9. Nf4 Bd6 10. Nxe6 Qxe6 11. Qxe6+ fxe6 12. Be2 Nc6 13. Be3 O-O-O 14.
O-O-O a6 15. g4 h6 16. h4 Rhf8 17. g5 hxg5 18. hxg5 Ng8 19. Bg4 Rde8 20. Ne4
Be5 21. Nc5 Nd8 22. Rxd8+ Kxd8 23. Nxe6+ Rxe6 24. Bxe6 Ke7 25. Bc5+ Bd6 26.
Bxg8 Bxc5 27. Re1+ Kd8 28. Bd5 c6 29. Be4 Bxf2 30. Re2 Bh4 31. g6 Bg5+ 32. Kd1
Rf1+ 33. Re1 Rxe1+ 34. Kxe1 Bf6 35. b3 Kc7 36. Ke2 b5 37. a4 c5 38. Bd3 Kb6 39.
axb5 axb5 40. c4 bxc4 41. Bxc4 Bd4 42. Kf3 Ka5 43. Ke4 Kb4 44. Kf5 Kc3 45. Ke6
Kb4 46. Kd5 Kc3 47. Ke6 Kb4 48. Kd5 Kc3 49. Ke6 Kb4 50. Kd5 {Normal} 1/2-1/2

[Event "Rated Blitz game"]
[Site "?"]
[Date "2021.11.17"]
[Round "?"]
[White "filolog"]
[Black "Futuregm03pro"]
[Result "1/2-1/2"]
[WhiteElo "2782"]
[BlackElo "2696"]
[PlyCount "178"]
[EventDate "2021.??.??"]
[EventType "blitz"]

1. e4 e5 2. Nf3 d5 3. exd5 e4 4. Qe2 Qe7 5. Nd4 Nf6 6. Nc3 Nbd7 7. d3 exd3 8.
Qxe7+ Bxe7 9. Bxd3 Nb6 10. Ndb5 Nfxd5 11. Nxd5 Nxd5 12. Be4 c6 13. Bxd5 cxb5
14. O-O Be6 15. Bxe6 fxe6 16. Re1 Kf7 17. Be3 Bf6 18. Rad1 Rhd8 19. c3 b4 20.
cxb4 Bxb2 21. Kf1 b6 22. Ke2 e5 23. Kf3 Bc3 24. Rxd8 Rxd8 25. Rc1 Bxb4 26. Rc7+
Kf6 27. Rxa7 Bc5 28. Ra6 Bxe3 29. Kxe3 Rd6 30. a4 Ke6 31. Ra7 Kf6 32. Rb7 Rc6
33. h4 h5 34. Rb8 g6 35. Rb7 Kf5 36. g3 Rc3+ 37. Ke2 Ra3 38. Rxb6 Rxa4 39. Kf3
Ra3+ 40. Kg2 Ra5 41. Rc6 e4 42. Rc8 Ra2 43. Re8 Re2 44. Kf1 Rb2 45. Rf8+ Ke5
46. Rg8 Rb6 47. Rd8 Rf6 48. Ke2 Ra6 49. Rd2 Ra3 50. Rb2 Ra5 51. Rb6 Kf5 52. Ke3
Ra3+ 53. Ke2 Ra2+ 54. Ke3 Ra5 55. Rb3 Rd5 56. Rb4 Ra5 57. Rc4 Ra3+ 58. Ke2 Rb3
59. Rc5+ Kf6 60. Rd5 Rf3 61. Rd4 Ke5 62. Ra4 Rf6 63. Ra5+ Kd4 64. Ra4+ Kd5 65.
Ra5+ Kc4 66. Ra4+ Kb3 67. Rxe4 Kc3 68. Re3+ Kd4 69. Rf3 Re6+ 70. Re3 Rd6 71.
Rd3+ Ke5 72. Rxd6 Kxd6 73. Ke3 Ke5 74. f3 Kf5 75. Kd4 g5 76. hxg5 Kxg5 77. Ke5
Kg6 78. Kf4 Kh6 79. g4 h4 80. g5+ Kh5 81. g6 h3 82. g7 h2 83. g8=Q h1=Q 84.
Qh8+ Kg6 85. Qxh1 Kf6 86. Qg2 Ke6 87. Qg5 Kd7 88. Qe5 Kc8 89. Kf5 Kb7 {Time
forfeit} 1/2-1/2

[Event "Rated Blitz game"]
[Site "?"]
[Date "2021.11.17"]
[Round "?"]
[White "nrousset1979"]
[Black "besfighter"]
[Result "1/2-1/2"]
[WhiteElo "2409"]
[BlackElo "2438"]
[PlyCount "97"]
[EventDate "2021.??.??"]
[EventType "blitz"]

1. e4 e5 2. Nf3 d5 3. exd5 Qxd5 4. Nc3 Qd6 5. Bb5+ c6 6. Ba4 Bg4 7. h3 Bxf3 8.
Qxf3 Nf6 9. O-O Nbd7 10. Bb3 Be7 11. d3 O-O-O 12. Be3 Kb8 13. Ne4 Nxe4 14. dxe4
Nc5 15. Rfd1 Qc7 16. Bxf7 Rhf8 17. Rxd8+ Qxd8 18. Qh5 Nxe4 19. Qxe5+ Bd6 20.
Qxe4 Rxf7 21. Qa4 a6 22. Qd4 c5 23. Qe4 g6 24. a4 Re7 25. Qc4 Qc7 26. Rd1 Be5
27. b3 Bd4 28. Bxd4 cxd4 29. Qxd4 Qxc2 30. Qd8+ Ka7 31. Qxe7 Qxd1+ 32. Kh2 Qxb3
33. a5 Qd5 34. Qxh7 Qxa5 35. Qxg6 Qe5+ 36. g3 a5 37. h4 a4 38. Qc2 Qa5 39. Kg2
a3 40. Qa2 Qb4 41. h5 Qb2 42. Qd5 b6 43. Qd7+ Ka8 44. Qe8+ Ka7 45. Qd7+ Ka6 46.
Qa4+ Kb7 47. Qd7+ Kb8 48. Qd8+ Ka7 49. Qd7+ {Normal} 1/2-1/2

[Event "Rated Blitz game"]
[Site "?"]
[Date "2021.11.17"]
[Round "?"]
[White "IziGo"]
[Black "batasjon"]
[Result "0-1"]
[WhiteElo "2409"]
[BlackElo "2438"]
[PlyCount "46"]
[EventDate "2021.??.??"]
[EventType "blitz"]

1. e4 e5 2. Nf3 d5 3. exd5 e4 4. Qe2 Nf6 5. Nc3 Be7 6. Nxe4 O-O 7. d3 Re8 8.
Bd2 Nxd5 9. O-O-O f5 10. Nc3 Nxc3 11. Bxc3 Bg5+ 12. Nxg5 Rxe2 13. Bxe2 Qxg5+
14. Kb1 Be6 15. Bf3 c6 16. Rde1 Qg6 17. Re2 Nd7 18. Rhe1 Bd5 19. Bxd5+ cxd5 20.
f4 Nf6 21. Re7 Qxg2 22. Rxb7 Re8 23. Rc1 d4 {Normal} 0-1

[Event "Rated Blitz game"]
[Site "?"]
[Date "2021.11.17"]
[Round "?"]
[White "tasos2000"]
[Black "batasjon"]
[Result "0-1"]
[WhiteElo "2348"]
[BlackElo "2447"]
[PlyCount "24"]
[EventDate "2021.??.??"]
[EventType "blitz"]

1. e4 e5 2. Nf3 d5 3. exd5 e4 4. Nd4 Qxd5 5. Nb3 Nf6 6. Nc3 Qf5 7. d3 Bb4 8.
Bd2 O-O 9. dxe4 Nxe4 10. Nxe4 Qxe4+ 11. Be2 Qxg2 12. Bf3 Re8+ {Normal} 0-1

[Event "Rated Blitz game"]
[Site "?"]
[Date "2021.11.17"]
[Round "?"]
[White "Neftegor"]
[Black "rofaidah"]
[Result "0-1"]
[WhiteElo "2610"]
[BlackElo "2513"]
[PlyCount "78"]
[EventDate "2021.??.??"]
[EventType "blitz"]

1. e4 e5 2. Nf3 d5 3. exd5 e4 4. Qe2 Nf6 5. d3 Bf5 6. Nbd2 Qxd5 7. Ng5 Be6 8.
Nxe6 Qxe6 9. Nxe4 Nxe4 10. Qxe4 Qxe4+ 11. dxe4 Bd6 12. c3 O-O 13. Be3 Re8 14.
f3 Nd7 15. Kf2 a6 16. Bd3 Rad8 17. Rad1 Ne5 18. Be2 Ng6 19. g3 a5 20. h4 f5 21.
h5 Ne7 22. Bd3 fxe4 23. Bxe4 Nc6 24. Rd5 Rf8 25. h6 Rde8 26. Rf5 Rxf5 27. Bxf5
g6 28. Be4 Ne5 29. b3 b6 30. Rd1 Ng4+ 31. Ke2 Nxe3 32. Kxe3 Bxg3 33. Rd7 Bd6
34. Kd3 Kh8 35. c4 Rc8 36. c5 bxc5 37. Kc4 Bf8 38. Kd5 Bxh6 39. Ke6 Bf4 {
Time forfeit} 0-1

[Event "Rated Blitz game"]
[Site "?"]
[Date "2021.11.17"]
[Round "?"]
[White "Nadigraj"]
[Black "Roberto_Baggio1978"]
[Result "1-0"]
[WhiteElo "2703"]
[BlackElo "2616"]
[PlyCount "117"]
[EventDate "2021.??.??"]
[EventType "blitz"]

1. e4 e5 2. Nf3 d5 3. exd5 e4 4. Qe2 Nf6 5. d3 Qxd5 6. Nbd2 Nc6 7. dxe4 Qh5 8.
Qb5 Bc5 9. Nb3 Nxe4 10. Nxc5 Qxc5 11. Qxc5 Nxc5 12. Be3 Ne4 13. Bf4 Bf5 14.
Bxc7 Rc8 15. Bf4 O-O 16. c3 Rfe8 17. Be3 Na5 18. Bb5 Red8 19. O-O Nc4 20. Bxc4
Rxc4 21. Bxa7 Nd2 22. Nxd2 Rxd2 23. Rfd1 Rxd1+ 24. Rxd1 h5 25. Rd5 Be6 26. Rb5
Ra4 27. Rxb7 Rxa2 28. f3 h4 29. h3 Ra1+ 30. Kf2 Rc1 31. Bd4 Rc2+ 32. Kg1 Rc1+
33. Kf2 Rc2+ 34. Ke3 Rxg2 35. b4 Bxh3 36. b5 Be6 37. b6 h3 38. Be5 h2 39. Bxh2
Rxh2 40. Rc7 Rb2 41. b7 Kh7 42. Kd4 g5 43. c4 Kg6 44. c5 Rb4+ 45. Kc3 Rb1 46.
c6 Bd5 47. Rc8 Bxf3 48. b8=Q Rxb8 49. Rxb8 Bxc6 50. Rb6 Kf5 51. Rxc6 Kf4 52.
Kd2 f5 53. Ke2 Kg3 54. Rc3+ Kh2 55. Rc5 g4 56. Rxf5 g3 57. Kf3 g2 58. Rh5+ Kg1
59. Rg5 {Normal} 1-0

[Event "Rated Blitz game"]
[Site "?"]
[Date "2021.11.17"]
[Round "?"]
[White "Mysterious_PR"]
[Black "Tintyn"]
[Result "0-1"]
[WhiteElo "2434"]
[BlackElo "2474"]
[PlyCount "100"]
[EventDate "2021.??.??"]
[EventType "blitz"]

1. e4 e5 2. Nf3 d5 3. exd5 e4 4. Qe2 Nf6 5. d3 Qxd5 6. Nbd2 Bf5 7. dxe4 Nxe4 8.
Qc4 Qxc4 9. Bxc4 Bd6 10. O-O O-O 11. c3 Nf6 12. Re1 Nc6 13. Nf1 Na5 14. Bb5 a6
15. Ba4 b5 16. Bd1 Rfe8 17. Rxe8+ Rxe8 18. Ng3 Bg6 19. Bg5 Ne4 20. Be3 Nc4 21.
Nxe4 Bxe4 22. b3 Nxe3 23. fxe3 Bxf3 24. Bxf3 Rxe3 25. Rc1 a5 26. c4 Bc5 27. Kf1
b4 28. Rd1 g6 29. Rd5 Bd6 30. Rxa5 Bxh2 31. Kf2 Rc3 32. Bd5 Bg3+ 33. Ke2 Kg7
34. Rb5 Bd6 35. Kd2 h5 36. a3 Rxb3 37. axb4 Rxb4 38. Rxb4 Bxb4+ 39. Ke3 Bc5+
40. Kf3 f5 41. Kf4 Kf6 42. g3 g5+ 43. Kf3 g4+ 44. Kg2 Kg5 45. Bf7 h4 46. gxh4+
Kxh4 47. Be6 f4 48. Bc8 f3+ 49. Kh2 g3+ 50. Kh1 g2+ {Normal} 0-1

[Event "Rated Blitz game"]
[Site "?"]
[Date "2021.11.17"]
[Round "?"]
[White "Scualchess"]
[Black "mirekkk14"]
[Result "1-0"]
[WhiteElo "2439"]
[BlackElo "2359"]
[PlyCount "69"]
[EventDate "2021.??.??"]
[EventType "blitz"]

1. e4 e5 2. Nf3 d5 3. Nxe5 Bd6 4. d4 dxe4 5. Nc4 Nf6 6. Be2 O-O 7. Nxd6 Qxd6 8.
Be3 Qb4+ 9. Nd2 Qxb2 10. O-O Nc6 11. Nc4 Qb4 12. Rb1 Qe7 13. c3 Rd8 14. Qc2 b6
15. Nd2 Bb7 16. Nb3 a5 17. a4 Nd5 18. h3 f5 19. Bc4 Kh8 20. Bxd5 Rxd5 21. c4
Rdd8 22. d5 Nb4 23. Qc3 Rab8 24. Nd4 Bc8 25. Bf4 Qc5 26. Rfd1 Bd7 27. Qg3 Rbc8
28. Be5 Rg8 29. Ne6 Bxe6 30. dxe6 Nd3 31. Rxd3 exd3 32. Qf4 Rge8 33. Bd4 Qxc4
34. Bxg7+ Kxg7 35. Qxc4 {Normal} 1-0